Computer organization, design and architecture: electronic resource (Record no. 5425)
[ view plain ]
| 000 -LEADER | |
|---|---|
| fixed length control field | 00998 a2200241 4500 |
| 010 ## - LIBRARY OF CONGRESS CONTROL NUMBER | |
| LC control number | 2007020766 |
| 020 ## - INTERNATIONAL STANDARD BOOK NUMBER | |
| International Standard Book Number | 9780849304163 |
| 020 ## - INTERNATIONAL STANDARD BOOK NUMBER | |
| International Standard Book Number | 0849304164 |
| 040 ## - CATALOGING SOURCE | |
| Original cataloging agency | DLC |
| Language of cataloging | DLC |
| 100 1# - MAIN ENTRY--PERSONAL NAME | |
| Personal name | Shiva, Sajjan G. |
| 245 10 - TITLE STATEMENT | |
| Title | Computer organization, design and architecture: electronic resource |
| Medium | electronic resource |
| Statement of responsibility, etc. | Sajjan G. Shiva. |
| 250 ## - EDITION STATEMENT | |
| Edition statement | 4th ed. |
| 260 ## - PUBLICATION, DISTRIBUTION, ETC. | |
| Place of publication, distribution, etc. | Boca Raton : |
| Name of publisher, distributor, etc. | CRC Press/Taylor & Francis, |
| Date of publication, distribution, etc. | c2008. |
| 300 ## - PHYSICAL DESCRIPTION | |
| Extent | xx, 763 p. : |
| Other physical details | ill. ; |
| Dimensions | 25 cm. |
| 500 ## - GENERAL NOTE | |
| General note | Previously published: New York : Marcel Dekker, 3rd ed., rev. and expanded, under title: Computer design and architecture, 2000. |
| 538 ## - SYSTEM DETAILS NOTE | |
| System details note | Mode of access: World Wide Web. |
| 538 ## - SYSTEM DETAILS NOTE | |
| System details note | System requirements: Internet connectivity ; World Wide Web browser. |
| 650 #0 - SUBJECT ADDED ENTRY--TOPICAL TERM | |
| Topical term or geographic name entry element | Computer engineering. |
| 650 #0 - SUBJECT ADDED ENTRY--TOPICAL TERM | |
| Topical term or geographic name entry element | Computer architecture. |
| 700 1# - ADDED ENTRY--PERSONAL NAME | |
| Personal name | Shiva, Sajjan G. |
| 856 40 - ELECTRONIC LOCATION AND ACCESS | |
| Uniform Resource Identifier | <a href="http://libproxy1.nus.edu.sg/login?url=http://www.itknowledgebase.net/ejournals/books/book_km.asp?id=5983">http://libproxy1.nus.edu.sg/login?url=http://www.itknowledgebase.net/ejournals/books/book_km.asp?id=5983</a> |
| 942 ## - ADDED ENTRY ELEMENTS (KOHA) | |
| Koha item type | Book |
| Call number prefix | 004.22 SHI |
| Source of classification or shelving scheme | |
| Withdrawn status | Lost status | Damaged status | Not for loan | Collection code | Permanent Location | Current Location | Shelving location | Date acquired | Source of acquisition | Cost, normal purchase price | Total Checkouts | Total Renewals | Full call number | Barcode | Date last seen | Date last checked out | Price effective from | Koha item type |
|---|---|---|---|---|---|---|---|---|---|---|---|---|---|---|---|---|---|---|
| Central Library (CL) | Central Library (CL) | First Floor - Data Communication/Network/Architecture | 06/26/2008 | Allied Book Company | 5345.74 | 6 | 2 | 004.22 SHI | SEECS009153 | 05/25/2024 | 01/30/2024 | 01/05/2017 | Book |
